Das deutsche Finale 2026 Quiz - Statistiken

Allgemein
  • Dieses Quiz wurde 21 mal gespielt
  • Das Durchschnittsergebnis liegt bei 7 aus 9
Antwortstatistiken
Frage Antwort % Korrekt
Sarah Engels
100%
Laura Nahr
90%
Molly Sue
80%
Bela
75%
Myle
75%
Dreamboys The Band
75%
Wavvyboi
70%
Malou Lovis
65%
Ragazzki
60%
Keine übereinstimmenden Quizze gefunden
Verteilung der Resultate
Anzahl Personen mit jedem Resultat
Perzentil nach korrekt beantworteten Fragen
Ihre Resultats-Entwicklung
Sie haben dieses Quiz noch nicht gespielt